• 首页
  • 本馆介绍
  • 公告通知
  • 最新文献
  • 馆藏检索
  • 电子资源
  • 读者导购
  • 参考咨询
  • 我的图书馆
  • 登录
  • 详细信息显示
  • 放入我的书架
  • 预约/预借图书
  • 作者相关作品
  • 分类相关作品
  • 丛书相关作品
  • 出版社相关作品

书目信息

  • 表格格式
  • 工作单格式
  • 卡片格式
题名:
地震灾后群体创伤心理实证研究
    
 
作者: 张妍 著
分册:  
出版信息: 武汉   华中科技大学出版社  2015.01
页数: 261页
开本: 24cm
丛书名: 应用心理前沿研究丛书
单 册:
中图分类: B845.67
科图分类:
主题词: 地震灾害--灾区--心理保健
电子资源:
ISBN: 978-7-5680-0244-8
000 01439oam2 2200289 450
001 0120151500263
005 20151231085048.28
010    @a978-7-5680-0244-8@dCNY48.00
100    @a20150209d2015 em y0chiy50 ea
101 0  @achi
102    @aCN@b420000
105    @aak z 000yy
106    @ar
200 1  @a地震灾后群体创伤心理实证研究@9di zhen zai hou qun ti chuang shang xin li shi zheng yan jiu@dEmpirical research on traumatic psychology in earthquake-exposed survivors@f张妍著@zeng
210    @a武汉@c华中科技大学出版社@d2015.01
215    @a261页@c图@d24cm
225 2  @a应用心理前沿研究丛书
300    @a教育部人文社会科学研究青年基金项目“地震亲历者创作心理的特点及其干预”(课题编号:11YJC190036)成果
330    @a本书依据伦理学的原则,在不给被试带来二次伤害的前提下,通过问卷调查、访谈、实验等方法,首先了解灾区地震亲历者的心理状况,对其心理健康做了较全面的调查和评估,然后通过行为和ERP实验对地震亲历者未显现、较隐蔽的创伤心理进行远期研究,探明其神经生理机制,最后归纳总结了比较有效的创伤心理的治疗和干预方法,并通过生物反馈训练证明了神经可塑性原理在脑功能修复中的运用具有可行性。
333    @a一般读者
461  0 @12001 @a应用心理前沿研究丛书
510 1  @aEmpirical research on traumatic psychology in earthquake-exposed survivors@zeng
606 0  @a地震灾害@x灾区@x心理保健
690    @aB845.67@v5
701  0 @a张妍@9zhang yan@4著
801  0 @aCN@b人天书店@c20150209
905    @b875102-04@dB845.67@e1305@f3
    
    地震灾后群体创伤心理实证研究=Empirical research on traumatic psychology in earthquake-exposed survivors/张妍著.-武汉:华中科技大学出版社,2015.01
    261页:图;24cm.-(应用心理前沿研究丛书)
    教育部人文社会科学研究青年基金项目“地震亲历者创作心理的特点及其干预”(课题编号:11YJC190036)成果.-使用对象:一般读者
    
    ISBN 978-7-5680-0244-8:CNY48.00
    本书依据伦理学的原则,在不给被试带来二次伤害的前提下,通过问卷调查、访谈、实验等方法,首先了解灾区地震亲历者的心理状况,对其心理健康做了较全面的调查和评估,然后通过行为和ERP实验对地震亲历者未显现、较隐蔽的创伤心理进行远期研究,探明其神经生理机制,最后归纳总结了比较有效的创伤心理的治疗和干预方法,并通过生物反馈训练证明了神经可塑性原理在脑功能修复中的运用具有可行性。
●
相关链接 在E读中查询图书 在五车中查询图书 在当当中查询图书 在豆瓣中查询图书


正题名:地震灾后群体创伤心理实证研究     索取号:B845.67/1305         预约/预借

序号 登录号 条形码 馆藏地/架位号 状态 备注
1 875102   208751028   学院路分馆/ [索取号:B845.67/1305] 在馆    
2 875103   208751037   学院路分馆/ [索取号:B845.67/1305] 在馆    
3 875104   208751046   学院路分馆/ [索取号:B845.67/1305] 在馆    
唐山师范学院图书馆 欢迎您!
大连网信软件有限公司© 版权所有